000 00678cam a22002413a 4500
001 11945
003 PGUSA
005 20140828083242.0
008 040401s2004||||xxu|||||s|||||000 | eng d
040 _aPGUSA
_beng
042 _adc
050 4 _aB
100 1 _aSchopenhauer, Arthur,
_d1788-1860
245 1 0 _aEssays of Schopenhauer
_h[electronic resource] /
_cArthur Schopenhauer
260 _bProject Gutenberg,
_c2004
506 _aPublic domain in the USA.
516 _aElectronic text
653 _aPhilosophy, German
700 1 _aDircks, Sara Hay Goddard
830 0 _aProject Gutenberg
_v11945
856 4 0 _uhttp://www.gutenberg.org/ebooks/11945
942 _cEB
999 _c241200
_d241200